| 000 | 00566nam a2200181Ia 4500 | ||
|---|---|---|---|
| 999 |
_c11207 _d11207 |
||
| 003 | OSt | ||
| 005 | 20191226144606.0 | ||
| 008 | 190216s9999||||xx |||||||||||||| ||und|| | ||
| 020 | _a9788190935685 | ||
| 040 | _coclc | ||
| 082 |
_a519.2 _bROS/I |
||
| 100 |
_aRoss, Sheldon M _9775 |
||
| 245 | 0 |
_aIntroduction To Probability And Statistics For Engineers And Scientists / _cSheldon M Ross |
|
| 250 | _a4th ed. | ||
| 260 |
_bElsevier Science Publications, _c2010. _aHariyana: |
||
| 300 | _a664p | ||
| 942 |
_cBK _2ddc _h519.2 _iROS/I _k519.2 _mROS/I |
||